000 00786aam a2200289 i 4500
001 768714001
003 CO-MdFUSB
005 20250426111426.0
007 ta
008 250426t1988 -cn |||| |||| 00| 0 eng d
020 _a0-7459-1441-1
040 _cCO-MdFUSB
041 0 _aeng
082 0 4 _a239
_223
_bG7951t
100 1 _aGreen, Michael
_eautor
245 1 0 _aTen myths about christianity
_c/ Michael Green , Gordon Carkner
264 1 _bLion Publishing,
_aBatavia, ILL., USA :
_c[1988]
264 4 _c©1988
300 _a79 páginas
336 _atexto
_btxt
_2rdacontent
337 _2rdamedia
_asin mediación
_bn
338 _2rdacarrier
_avolumen
_bnc
650 7 _aApologética
_9187
700 _aCarkner, Gordon,
_911292
_eautor
942 _cBK
945 _aJTF-925
999 _c35224
_d35224